Arxiu Municipal de Casserres
Descripción Física:
1 f. plegat en 4 parts : 19 x 15 cm
Materias:
Arxius municipals (Casserres)
MARC
| LEADER | 00000nam a2200000Ia 4500 | ||
|---|---|---|---|
| 001 | 23661 | ||
| 008 | 160829s2012 xx 000 0 cat d | ||
| 080 | |a FU-61-90 | ||
| 245 | |a Arxiu Municipal de Casserres | ||
| 260 | |a Barcelona : |b Diputació de Barcelona. Àrea de Coneixement i Noves Tecnologies, |c 2012 | ||
| 300 | |a 1 f. plegat en 4 parts : |b 19 x 15 cm | ||
| 650 | |a Arxius municipals (Casserres) |9 49422 | ||
| 710 | 1 | |a Barcelona (Catalunya : Província). |b Àrea de Coneixement i Noves Tecnologies |9 53062 | |
| 901 | |a Arxiu | ||
| 942 | |n 1 | ||
| 952 | |0 0 |1 0 |4 0 |6 FU6190 |7 1 |9 55321 |a Arxiu |b Arxiu |d 2016-12-01 |l 0 |o FU-61-90 |p 23661 |r 2016-12-01 00:00:00 |w 2016-12-01 |y ARXIU | ||
| 999 | |c 59194 |d 59194 | ||